| 000 | 00519nam a2200217Ia 4500 | ||
|---|---|---|---|
| 008 | 210210b1958 xxu||||| |||| 00| 0 eng d | ||
| 041 | _aeng | ||
| 082 | _a824/53 | ||
| 100 | _aBULLOUGH (G) Ed | ||
| 245 | _aNarrative and dramatic sources of Shakespeare II | ||
| 260 |
_aLondon _bRoutledg & Kegan Paul _c1958 |
||
| 650 | _asources | ||
| 650 | _aShakespeare | ||
| 650 | _aof | ||
| 650 | _aNarrative | ||
| 650 | _aII | ||
| 650 | _adramatic | ||
| 650 | _aand | ||
| 690 | _aEnglish Criticism | ||
| 906 | _a014007 | ||
| 999 |
_c133085 _d133085 |
||